Elementary pile theory /

Bibliographic Details
Main Author: Soodak, Harry
Other Authors: Campbell, Edward C.
Format: Book
Language:English
Published: New York : J. Wiley, 1950.
Subjects:

MARC

Tag First Indicator Second Indicator Subfields
LEADER 00000cam a2200000 4500
001 in00000047705
005 20151007073457.0
008 730727s1950 nyua 00010 eng u
010 |a  50006807  
035 |a (OCoLC)00665430 
035 |9 AAE9791AM 
040 |c KSU  |d TXA  |d UtOrBLW 
049 |a TXAM  |c 2 [181951]  
050 0 0 |a QC790  |b .S6 
092 |a 541.2  |b S711e 
100 1 |a Soodak, Harry. 
245 1 0 |a Elementary pile theory /  |c by Harry Soodak and Edward C. Campbell. 
264 1 |a New York :  |b J. Wiley,  |c 1950. 
300 |a ix, 73 pages :  |b diagrams ;  |c 22 cm. 
336 |a text  |b txt  |2 rdacontent 
337 |a unmediated  |b n  |2 rdamedia 
338 |a volume  |b nc  |2 rdacarrier 
650 0 |a Nuclear fission. 
700 1 |a Campbell, Edward C. 
730 0 |a Pile theory. 
999 |a MARS 
999 f f |s c2a9fff2-d6f0-3762-850d-0d4b178926e2  |i 19a15206-d634-339b-8321-28e113a867c3  |t 0 
952 f f |p ric  |a Texas A&M University  |b Rellis Campus  |c Joint Library Facility  |d Remote Storage  |t 0  |e QC790 .S6  |h Library of Congress classification  |i unmediated -- volume  |m A14800935278 
998 f f |a QC790 .S6  |t 0  |l Remote Storage